000
00291nam a22001217a 4500
082
_a
351
100
_a
Tekeli, Sadik
245
_a
Military Museum Collection
260
_a
Istanbul :
_b
Turkish Military Museum Collection,
300
_a
239 p. ;
_b
21 cm.
500
_a
Paperback.
942
_c
BK
999
_c
34154
_d
34154